000 00762nam a22002057a 4500
005 20251108175738.0
008 250721s2018 xx 000 0 ara d
082 1 4 _aط/576.1/شار
100 1 _aشارما، ريتشا
245 1 0 _aما هي ؟ البكتيريا و الفيروسات و الفطريات و المزيد / الميكروبات /
264 1 _aبيروت :
_bالمكتبة الحديثة ناشرون،
_c2018.
300 _a16ص.
490 0 _aسلسلة انا صديق البيئة
650 1 7 _aعلم الاحياء الدقيقة
650 1 7 _aالبكتيريا
653 _aاطفال مرحلة متوسطة (6-9) سنوات
700 1 _aالحوراني، نورا
_eمترجم
942 _2ddc
_cBK
999 _c141399
_d141399